[Event "Titled Tue 22nd Nov Late"]
[Site "chess.com INT"]
[Date "2022.11.22"]
[Round "8"]
[White "Andreikin, D."]
[Black "Martinez Alcantara, Jose Eduardo"]
[Result "1-0"]
[WhiteElo "2729"]
[BlackElo "2597"]
[PlyCount "257"]
[EventDate "2022.11.22"]

1. Nf3 d5 2. e3 Nf6 3. c4 c6 4. Nc3 a6 5. d4 g6 6. h3 Bg7 7. Be2 O-O 8. O-O Nbd7 9. cxd5 cxd5 10. Ne5 $146 ({RR} 10. Qb3 e6 11. a4 b6 12. Bd2 Bb7 13. Rfc1 Rc8 14. Be1 Rc6 15. Na2 Qa8 16. a5 b5 17. Rxc6 Bxc6 18. Bb4 Rc8 19. Nc3 Bb7 20. Nd2 Rc6 21. f4 Ne8 22. Nf3 Nd6 23. Bxd6 Rxd6 24. Na2 Rc6 {Sbarra,M (2259)-Medici,S (2099) Ceriano Laghetto 2013 0-1 (46)}) 10... e6 11. f4 b5 12. Bd2 Nb6 13. Rc1 Nc4 14. b3 Nd6 15. Bd3 Bb7 16. Ne2 Re8 17. Bb4 Nfe4 18. Qe1 Nf5 19. Ba5 Qd6 20. Bb4 Qd8 21. Bxe4 dxe4 22. Ng3 a5 23. Bc5 f6 24. Ng4 b4 25. Nxf5 exf5 26. Nh2 Bd5 27. Rf2 h5 28. Nf1 Qd7 29. Nd2 Re6 30. Nc4 Qd8 31. Rfc2 Kh7 32. Qh4 Kg8 33. Nb2 Rc6 34. Na4 Rac8 35. Kh1 Kf7 36. Rg1 Be6 37. Qe1 g5 38. Qe2 Kg6 39. g3 Bh6 40. h4 Bg7 41. Qb5 Bd7 42. Qe2 Be6 43. Rgc1 Kh6 44. Bb6 Qe8 45. Rc5 Bf8 46. R5c2 gxh4 47. gxh4 Bd7 48. Bc5 Bg7 49. Rg1 Kh7 50. Qc4 Be6 51. Qb5 Qf7 52. Rcg2 Bh6 53. Nb6 R8c7 54. Qxa5 Rb7 55. Qxb4 Qc7 56. Qa4 Rbxb6 57. Bxb6 Qxb6 58. Qa8 Rc8 59. Qa3 Qb7 60. Qd6 Qf7 61. Rg6 Bf8 62. Qa6 Re8 63. d5 Bxd5 64. Rxf6 Qe7 65. Rg5 Bf7 66. Rfxf5 Bh6 67. Rxh5 Bxh5 68. Rxh5 Qg7 69. Qc6 Rg8 70. Qxe4+ Kh8 71. Qe5 Kh7 72. Qe4+ Kh8 73. Qe5 Kh7 74. Qxg7+ Kxg7 75. Rd5 Re8 76. Rd3 Kg6 77. Kg2 Rc8 78. Kf3 Rc2 79. a4 Bf8 80. Rd5 Ra2 81. Rb5 Be7 82. h5+ Kh6 83. Ke4 Bh4 84. Kf5 Re2 85. e4 Rf2 86. Kg4 Bd8 87. Rd5 Bc7 88. e5 Rg2+ 89. Kf5 Rc2 90. Rd7 Ba5 91. Rd6+ Kg7 92. h6+ Kh7 93. Ra6 Bb4 94. Rb6 Ba3 95. a5 Ra2 96. a6 Bc5 97. Rc6 Be3 98. Ke4 Bd2 99. e6 Bb4 100. Rb6 Bf8 101. Kf3 Ra3 102. Rb7+ Kxh6 103. e7 Bxe7 104. Rxe7 Rxa6 105. Kg4 Rb6 106. Re3 Kg6 107. Kf3 Kf6 108. Rd3 Rb4 109. Ke3 Kf5 110. Rd5+ Ke6 111. Rd3 Kf5 112. Kd2 Kxf4 113. Kc3 Rb8 114. b4 Ke5 115. Kc4 Rc8+ 116. Kb5 Rb8+ 117. Ka4 Ra8+ 118. Kb3 Rb8 119. Rd2 Ke6 120. Rd4 Ke7 121. Ka4 Ra8+ 122. Kb5 Rb8+ 123. Kc6 Rc8+ 124. Kb7 Rf8 125. b5 Ke6 126. b6 Ke5 127. Rd1 Rf7+ 128. Ka8 Rd7 129. Rxd7 1-0

[Event "Titled Tue 22nd Nov Late"]
[Site "chess.com INT"]
[Date "2022.11.22"]
[Round "10"]
[White "Andreikin, D."]
[Black "Zhigalko, S."]
[Result "1-0"]
[WhiteElo "2729"]
[BlackElo "2572"]
[PlyCount "39"]
[EventDate "2022.11.22"]

1. Nf3 Nf6 2. g3 e6 3. Bg2 d5 4. O-O b5 5. d3 Bb7 6. c4 b4 7. cxd5 exd5 ({RR} 7... Bxd5 8. a3 Nbd7 9. axb4 Bxb4 10. Nc3 Bb7 11. Qa4 a5 12. Ne5 Qc8 13. Bxb7 Qxb7 14. Bg5 c5 15. Bxf6 gxf6 16. Ne4 Ke7 17. Nc6+ Kf8 18. Nxb4 cxb4 19. Rfc1 Kg7 20. Nd6 Qa7 21. Qc6 Rhd8 22. Qe4 {Povshednyi,I (2291)-Atis,H (2088) chess.com INT 2025 0-1 (51)}) 8. a3 Nbd7 9. Bf4 a5 $146 ({RR} 9... Be7 10. axb4 Bxb4 11. Qc1 Bc5 12. Nc3 O-O 13. Na4 Qe7 14. Nxc5 Nxc5 15. Nd4 Rfc8 16. Nf5 Qf8 17. Nxg7 Nxd3 18. exd3 Qxg7 19. Qc5 Nd7 20. Qe7 f6 21. Qxg7+ Kxg7 22. Bh3 Nc5 23. Bxc8 Bxc8 24. Rfc1 {Schoppen,C (2423)-Beerdsen,T (2446) Assen 2017 1-0}) 10. axb4 Bxb4 11. Qc1 c5 12. Bd6 Qb6 13. Qe3+ Kd8 14. Qe7+ Kc8 15. Bh3 h5 16. Ne5 Bc6 17. Qxf7 Ra7 18. Qxg7 Qd8 19. Nxc6 Rg8 20. Nxa7+ 1-0

[Event "chess.com SpeedChess 2022"]
[Site "chess.com INT"]
[Date "2022.11.27"]
[Round "1.15"]
[White "Ding Liren"]
[Black "Grischuk, A."]
[Result "1-0"]
[WhiteElo "2811"]
[BlackElo "2745"]
[PlyCount "83"]
[EventDate "2022.11.23"]
[EventType "k.o."]

1. Nf3 Nf6 2. g3 c5 3. Bg2 Nc6 4. c4 d5 5. cxd5 Nxd5 6. Nc3 g6 7. Qb3 e6 8. Ne4 f5 9. Nc3 Bg7 10. O-O O-O 11. d3 Kh8 12. Qb5 $146 ({RR} 12. Bg5 Qd7 13. Rad1 b6 14. e4 Nc7 15. Rfe1 Bb7 16. Qa4 Rae8 17. d4 cxd4 18. e5 d3 19. Re3 Nd5 20. Rdxd3 Nxc3 21. bxc3 Qc7 22. Qh4 Kg8 23. Bf6 h6 24. Qc4 Rf7 25. Bxg7 Kxg7 26. Rd6 Na5 {Mamedyarov,S (2741)-Santos Latasa,J (2665) Jerusalem ISR 2022 ½-½ (33)}) 12... Qe7 13. Bg5 Qd6 14. Nxd5 exd5 15. Bf4 Qe7 16. Rfe1 Nb4 17. d4 cxd4 18. Rac1 Nc6 19. Qxd5 Be6 20. Qb5 Rfe8 21. a3 Bg8 22. h4 h6 23. b4 Rad8 24. Qd3 Bd5 25. b5 Be4 26. Qd2 Nb8 27. Bxh6 Nd7 28. Bxg7+ Kxg7 29. Qxd4+ Nf6 30. Qxa7 Ng4 31. Qc5 Qf6 32. Qc7+ Kh6 33. Qf4+ Kg7 34. Rc7+ Re7 35. Rec1 Rdd7 36. b6 Bxf3 37. Bxf3 Ne5 38. Rxd7 Rxd7 39. Rc7 Re7 40. Rxe7+ Qxe7 41. Qd4 Kh6 42. Kg2 1-0

[Event "chess.com SpeedChess 2022"]
[Site "chess.com INT"]
[Date "2022.11.27"]
[Round "1.17"]
[White "Ding Liren"]
[Black "Grischuk, A."]
[Result "1-0"]
[WhiteElo "2811"]
[BlackElo "2745"]
[PlyCount "45"]
[EventDate "2022.11.23"]
[EventType "k.o."]

1. Nf3 Nf6 2. g3 d5 3. Bg2 c5 4. O-O g6 5. d4 cxd4 6. Nxd4 Bg7 7. Nb3 O-O 8. Nc3 e6 9. e4 Nc6 10. exd5 Nxd5 11. Nxd5 exd5 12. c3 d4 13. cxd4 Nxd4 14. Be3 $146 ({RR} 14. Nxd4 Bxd4 15. Bh6 Re8 16. Qd2 Bg7 17. Qxd8 Rxd8 18. Bxg7 Kxg7 19. Rfd1 Bg4 20. Rxd8 Rxd8 21. Bxb7 Rb8 22. Bd5 Rxb2 23. Kg2 Be6 24. Bxe6 fxe6 25. Rd1 Rxa2 26. Rd7+ Kg8 27. Re7 a5 28. Rxe6 Kf7 {Svane,R (2628)-Grischuk,A (2689) chess.com INT 2024 ½-½ (40)}) 14... Nc6 15. Nc5 Qe7 16. Re1 Rd8 17. Qb3 Qc7 18. Rac1 Qb6 19. Nxb7 Qxb3 20. Nxd8 Qxb2 21. Nxc6 Bb7 22. Rb1 Qc3 23. Rec1 1-0

[Event "chess.com SpeedChess 2022"]
[Site "chess.com INT"]
[Date "2022.11.27"]
[Round "1.19"]
[White "Ding Liren"]
[Black "Grischuk, A."]
[Result "1-0"]
[WhiteElo "2811"]
[BlackElo "2745"]
[PlyCount "81"]
[EventDate "2022.11.23"]
[EventType "k.o."]

1. Nf3 Nf6 2. g3 c5 3. Bg2 Nc6 4. c4 d5 5. cxd5 Nxd5 6. Nc3 g6 7. Qb3 Nb6 8. Qb5 ({RR} 8. d3 Bg7 9. Ne4 Bg4 10. Be3 Bxf3 11. Bxf3 Nd4 12. Bxd4 Qxd4 13. O-O O-O 14. Rac1 Rac8 15. e3 c4 16. Rxc4 Qxb2 17. Qxb2 Bxb2 18. Rb4 Bg7 19. a4 Rc7 20. Rfb1 Rb8 21. d4 Nd5 22. Rb5 e6 {Van Wely,L (2676)-Seel,C (2471) Germany 2017 ½-½ (59)}) ({RR} 8. d3 Nd4 9. Nxd4 cxd4 10. Ne4 Bg7 11. Nc5 Rb8 12. Bf4 e5 13. Bd2 O-O 14. Ba5 Re8 15. Na4 Be6 16. Bxb6 axb6 17. Qxb6 Ra8 18. b3 Qxb6 19. Nxb6 Ra6 20. Nc4 b5 21. Nd2 Re7 22. O-O Rea7 {Jurisic,Z (2101)-Wuerth,T (1866) Bregenz AUT 2023 ½-½ (37)}) 8... Bg7 $146 ({RR} 8... Nd7 9. e3 Bg7 10. O-O O-O 11. Rd1 Qb6 12. Qe2 Nde5 13. Nxe5 Bxe5 14. b3 Bd7 15. Bb2 Qa5 16. a3 Bg7 17. d4 cxd4 18. Ne4 Qb6 19. b4 Rad8 20. Nc5 Bc8 21. Na4 d3 22. Rxd3 Qb5 23. Bxg7 {Ftacnik,L (2380)-Adamski,J (2470) Kiev 1978 ½-½ (41)}) 9. Qxc5 O-O 10. O-O e5 11. d3 Re8 12. Bg5 f6 13. Be3 Be6 14. Qb5 Nd4 15. Bxd4 exd4 16. Ne4 f5 17. Nc5 Bd5 18. Rfe1 Rc8 19. Rac1 Re7 20. a4 a6 21. Qb4 Bc6 22. Qb3+ Bd5 23. Qb4 Bc6 24. a5 Nd5 25. Qb3 Kh8 26. Ng5 Qd6 27. Nxb7 Bxb7 28. Rxc8+ Bxc8 29. Bxd5 Qc5 30. Nf7+ Kg8 31. Nd6+ Kh8 32. Nxc8 Qxc8 33. Qb6 f4 34. Kg2 Re5 35. Bf3 Rb5 36. Qd6 Rxb2 37. Qxf4 Rb5 38. Rc1 Qd8 39. Rc6 Rxa5 40. Bg4 Re5 41. Rc8 1-0

[Event "chess.com SpeedChess 2022"]
[Site "chess.com INT"]
[Date "2022.11.27"]
[Round "1.22"]
[White "Ding Liren"]
[Black "Grischuk, A."]
[Result "1-0"]
[WhiteElo "2811"]
[BlackElo "2745"]
[PlyCount "83"]
[EventDate "2022.11.23"]
[EventType "k.o."]

1. Nf3 d5 2. g3 Nf6 3. Bg2 e6 4. O-O Be7 5. d4 O-O 6. c4 dxc4 7. Qc2 a6 8. a4 Bd7 9. Qxc4 Bc6 10. Bg5 Nbd7 11. Rd1 h6 12. Bxf6 Nxf6 13. Nbd2 a5 14. Qd3 ({RR} 14. Ne5 Bxg2 15. Kxg2 Qd5+ 16. f3 c5 17. e4 Qxd4 18. Qxd4 cxd4 19. Nb3 Rfd8 20. Rxd4 Rxd4 21. Nxd4 Rd8 22. Nb3 g5 23. Kf1 h5 24. h3 g4 25. hxg4 hxg4 26. Nxg4 Nxg4 27. fxg4 b6 28. Ke2 Bf6 {Aronian,L (2792)-Kramnik,V (2812) Leuven 2016 ½-½ (36)}) 14... Bb4 15. e4 Bxd2 $146 ({RR} 15... Qe7 16. Ne5 Rfd8 17. Nxc6 bxc6 18. Nc4 c5 19. d5 exd5 20. exd5 Rab8 21. Qf3 Ne8 22. Bf1 Nd6 23. Ne3 Re8 24. Rac1 Qe4 25. Qxe4 Rxe4 26. Bd3 Re7 27. Kg2 g6 28. Rc2 Rbe8 29. Bb5 Rb8 30. Bd3 {Lazavik,D (2567)-Suyarov,M (2407) chess.com INT 2024 1-0 (54)}) ({RR} 15... b6 16. Ne5 Bb7 17. Ndc4 Qe7 18. Qe3 Rad8 19. Rd3 c5 20. d5 exd5 21. exd5 Nxd5 22. Qf3 Ba8 23. Qf5 g6 24. Qh3 Kg7 25. Rad1 Nf6 26. Rxd8 Rxd8 27. Rxd8 Qxd8 28. Bxa8 Qxa8 29. Qg2 Qc8 30. Nxf7 {Murzin,V (2657)-Van Foreest,J (2688) chess.com INT 2025 1-0 (46)}) 16. Nxd2 Qe7 17. Nc4 Rfd8 18. Ne5 Be8 19. Qc3 b6 20. b3 Rac8 21. Rac1 Qa3 22. h4 Qe7 23. Qe3 Kf8 24. Rc3 Kg8 25. Rdc1 Kf8 26. g4 Nh7 27. Qf4 Kg8 28. Nf3 c5 29. dxc5 Rxc5 30. Rxc5 bxc5 31. g5 hxg5 32. hxg5 Nf8 33. Ne5 Rb8 34. Rc3 Qd6 35. Rh3 Rb6 36. Qh4 Ng6 37. Nxg6 fxg6 38. Qh8+ Kf7 39. Rf3+ Ke7 40. Qxg7+ Kd8 41. Bf1 Qd4 42. Rd3 1-0

[Event "chess.com SpeedChess 2022"]
[Site "chess.com INT"]
[Date "2022.11.27"]
[Round "1.26"]
[White "Ding Liren"]
[Black "Grischuk, A."]
[Result "1-0"]
[WhiteElo "2811"]
[BlackElo "2745"]
[PlyCount "65"]
[EventDate "2022.11.23"]
[EventType "k.o."]

1. Nf3 d5 2. g3 c6 3. Bg2 Bf5 4. c4 e6 5. Qb3 Qb6 6. d3 Nd7 7. cxd5 exd5 8. Qc2 Ngf6 9. O-O Be7 10. Nc3 O-O $146 ({RR} 10... h6 11. e4 dxe4 12. dxe4 Bh7 13. Be3 Qa6 14. Rfe1 O-O 15. a3 Nc5 16. Bf1 b6 17. Bxa6 {1-0 (17) Rohan,A (2355)-Ivic,V (2581) Chess.com INT 2021}) 11. e4 Bg6 12. Be3 Qa6 13. h3 Rfd8 14. Nh4 Ne5 15. Nxg6 hxg6 16. d4 Nc4 17. e5 Nh7 18. h4 Nf8 19. Bh3 c5 20. Rad1 Qc6 21. Ne2 Ne6 22. Bxe6 Qxe6 23. Nf4 Qg4 24. Kh2 Rac8 25. e6 cxd4 26. exf7+ Kh7 27. Bxd4 Ne3 28. Qd3 Nxf1+ 29. Rxf1 Bd6 30. Nh3 Qxh4 31. Kg2 Qe4+ 32. Qxe4 dxe4 33. Rh1 1-0

[Event "chess.com SpeedChess 2022"]
[Site "chess.com INT"]
[Date "2022.11.27"]
[Round "1.31"]
[White "Ding Liren"]
[Black "Grischuk, A."]
[Result "1-0"]
[WhiteElo "2811"]
[BlackElo "2745"]
[PlyCount "33"]
[EventDate "2022.11.23"]
[EventType "k.o."]

1. Nf3 d5 2. g3 c6 3. Bg2 Bf5 4. c4 dxc4 5. Na3 e5 6. Nxc4 e4 7. Nfe5 Be6 ({RR} 7... Qe7 8. d4 f6 9. Ne3 Be6 10. N5c4 f5 11. O-O Nf6 12. f3 exf3 13. Bxf3 Na6 14. Rb1 Nc7 15. Qc2 Nb5 16. d5 Nd4 17. Qa4 Nxf3+ 18. Rxf3 Bxd5 19. Nxd5 Nxd5 20. Rxf5 b5 21. Qa6 Qc7 22. Ne5 {Favaloro,A (2422)-Fier,A (2534) Darfo Boario Terme ITA 2025 0-1}) 8. Qc2 Nf6 $146 ({RR} 8... f6 9. Ng4 b5 10. Na3 Qd4 11. Nxb5 cxb5 12. Qxe4 Qxe4 13. Bxe4 Bxg4 14. Bxa8 Bc5 15. d3 Ne7 16. Be3 Bb4+ 17. Bd2 Bd6 18. Bf4 Kd7 19. Bxd6 Kxd6 20. Kd2 Nbc6 21. Bxc6 Nxc6 22. f3 Bh5 23. f4 {Bok,B (2596)-Atanasov,A (2396) Rockville USA 2024 1-0 (42)}) 9. O-O Be7 10. Rd1 Na6 11. a3 O-O 12. d3 exd3 13. Rxd3 Qc7 14. Bf4 Nd5 15. Bxd5 cxd5 16. Ng6 Qxc4 17. Nxe7+ 1-0

[Event "Bundesliga 2022-23"]
[Site "Dresden GER"]
[Date "2022.11.27"]
[Round "4.7"]
[White "Gajewski, G."]
[Black "Papp, Ga"]
[Result "1-0"]
[WhiteElo "2589"]
[BlackElo "2564"]
[PlyCount "79"]
[EventDate "2022.10.22"]
[WhiteTeam "USV TU Dresden"]
[BlackTeam "Hamburger SK"]

1. Nf3 d5 2. g3 Nc6 3. d4 Bf5 4. Bg2 e6 5. O-O Nb4 6. Na3 Be7 7. b3 h5 8. h4 Nf6 9. c3 Nc6 10. Nc2 $146 ({RR} 10. Bb2 Ne4 11. c4 g5 12. hxg5 Bxg5 13. Nxg5 Qxg5 14. Qc1 Qg6 15. Qf4 O-O-O 16. Nb5 Rd7 17. Rfd1 h4 18. g4 Bxg4 19. Bxe4 Qxe4 20. Qxe4 dxe4 21. d5 Rg8 22. Kh2 exd5 23. cxd5 Bxe2 24. Rg1 Rxg1 {Chan Peng Kong (2122)-Sethuraman,S (2603) Melaka MAS 2024 0-1 (34)}) 10... Ne4 11. c4 Bf6 12. Bb2 g5 13. hxg5 Bxg5 14. Nxg5 Qxg5 15. Qc1 Qg6 16. cxd5 h4 17. dxc6 hxg3 18. fxg3 Qh5 19. Rxf5 Qh2+ 20. Kf1 Nxg3+ 21. Kf2 Ne4+ 22. Ke3 exf5 23. Qf1 Ng3 24. Qf3 O-O-O 25. cxb7+ Kb8 26. Nb4 Qh6+ 27. Qf4 Rde8+ 28. Kd3 Ne4 29. Qxh6 Rxh6 30. Rf1 Rg6 31. Bxe4 fxe4+ 32. Ke3 a5 33. Nd5 Rg3+ 34. Kd2 Rd8 35. Nf6 e3+ 36. Kd3 Kxb7 37. Ne4 Rg7 38. Rf5 Kb6 39. a4 Rg1 40. Bc3 1-0

[Event "MrDodgy Inv 3 Finals"]
[Site "chess24.com INT"]
[Date "2022.11.29"]
[Round "2.8"]
[White "Shevchenko, Kirill"]
[Black "Carlsen, M."]
[Result "1-0"]
[WhiteElo "2649"]
[BlackElo "2859"]
[PlyCount "91"]
[EventDate "2022.11.27"]
[EventType "k.o."]

1. Nf3 d5 2. c4 d4 3. b4 Bg4 4. g3 a5 5. b5 Bxf3 6. exf3 Nd7 7. Bg2 e6 8. f4 Nc5 9. O-O Nf6 10. d3 Be7 11. Nd2 O-O 12. Nb3 Nfd7 13. Bb2 $146 ({RR} 13. Nxd4 Bf6 14. Be3 Qe7 15. Rc1 Qd6 16. Nb3 Nxb3 17. axb3 Bd4 18. Bxb7 Rad8 19. Bf3 Nc5 20. Re1 g6 21. Qc2 Qb6 22. Ra1 Rd6 23. Bxd4 Rxd4 24. Re3 Rfd8 25. Rd1 Qd6 26. Qc3 Qb6 27. h4 h5 {Mareco,S (2606)-Nakamura,H (2789) Baku 2016 ½-½ (70)}) 13... Nxb3 14. axb3 Nc5 15. Re1 Qd7 16. Ba3 Rab8 17. Re5 b6 18. Bc6 Qd8 19. b4 Nd7 20. Re4 Nf6 21. bxa5 Bxa3 22. Rxa3 Nxe4 23. Bxe4 bxa5 24. Bc6 e5 25. f5 Qf6 26. Qf3 g6 27. Rxa5 Qxf5 28. Qxf5 gxf5 29. Ra7 e4 30. Kf1 exd3 31. Ke1 Rfc8 32. Kd2 Kg7 33. Kxd3 Kf6 34. Kxd4 f4 35. Kc5 h5 36. Bd7 Ra8 37. Rb7 Rd8 38. Rxc7 Ra2 39. b6 Rxf2 40. b7 Rb8 41. Bc6 Rxh2 42. gxf4 Rb2 43. Bd5 Rf8 44. Rc8 Kg7 45. Rxf8 Kxf8 46. Bc6 1-0

[Event "MrDodgy Inv 3 Finals"]
[Site "chess24.com INT"]
[Date "2022.11.29"]
[Round "2.8"]
[White "Mamedov, Rau"]
[Black "Dubov, Daniil"]
[Result "1-0"]
[WhiteElo "2646"]
[BlackElo "2708"]
[PlyCount "83"]
[EventDate "2022.11.27"]
[EventType "k.o."]

1. Nf3 Nf6 2. g3 Nc6 3. Bg2 e5 4. d3 d5 5. O-O Be7 6. Nbd2 e4 7. dxe4 dxe4 8. Ng5 e3 9. fxe3 O-O 10. Nge4 ({RR} 10. Nde4 Be6 11. Nxe6 fxe6 12. Qxd8 Nxd8 13. Bd2 Nxe4 14. Rxf8+ Bxf8 15. Bxe4 c6 16. Bc3 Nf7 17. Rd1 Rd8 18. Rxd8 Nxd8 19. Bd4 a6 20. Bb6 Nf7 21. Kf2 Bd6 22. Bd3 g6 23. Bc4 Ng5 24. Bd8 Ne4+ {Piesik,P (2434)-Parfenov,V (2193) chess.com INT 2025 1-0 (53)}) 10... Nxe4 11. Nxe4 Be6 $146 ({RR} 11... Bg4 12. Bd2 Qd7 13. Nf2 Rad8 14. Nd3 Bh3 15. Qe1 Bxg2 16. Kxg2 Qd5+ 17. Kg1 Rfe8 18. Qf2 Bf6 19. Qf3 Qc4 20. c3 Qe6 21. Kg2 b6 22. Rad1 Rd6 23. Bc1 Qxa2 24. Nf4 Ne5 25. Qe4 Rxd1 26. Rxd1 {Schmid,M (2180)-Godena,M (2518) Switzerland 2006 0-1 (56)}) 12. Nf2 Qxd1 13. Rxd1 Nb4 14. Bd2 a5 15. Nd3 c6 16. Nf4 Nxc2 17. Rac1 Nb4 18. a3 Nd5 19. Bxd5 cxd5 20. Rc7 Bf6 21. Bc3 Bxc3 22. Rxc3 Rac8 23. Nxd5 Bxd5 24. Rxc8 Rxc8 25. Rxd5 b6 26. Rd6 Rb8 27. Kf2 Kf8 28. Rd7 b5 29. Ra7 a4 30. e4 Rc8 31. Rb7 Rc5 32. Ke3 f6 33. Kd4 Rc2 34. Rxb5 Rxe2 35. h4 Rg2 36. Kd5 h5 37. Ke6 Kg8 38. Rxh5 Rxg3 39. Ra5 Rg2 40. Rb5 Kh7 41. Kf7 Rc2 42. Rh5# 1-0

[Event "MrDodgy Inv 3 Finals"]
[Site "chess24.com INT"]
[Date "2022.11.29"]
[Round "2.12"]
[White "Mamedov, Rau"]
[Black "Dubov, Daniil"]
[Result "1-0"]
[WhiteElo "2646"]
[BlackElo "2708"]
[PlyCount "69"]
[EventDate "2022.11.27"]
[EventType "k.o."]

1. Nf3 Nf6 2. g3 Nc6 3. c4 e5 4. d3 d5 5. cxd5 Nxd5 6. Bg2 Be7 7. O-O O-O 8. Nc3 Be6 9. Bd2 a5 10. Ne4 ({RR} 10. Nxd5 Bxd5 11. Bc3 Qd6 12. Qa4 Rfe8 13. Rfd1 Bf8 14. e4 Be6 15. d4 exd4 16. Nxd4 Nxd4 17. Bxd4 Qb4 18. Qc2 c6 19. a3 Qb5 20. a4 Qb3 21. Qe2 Rad8 22. Qe3 c5 {0-1 (22) Harikrishna,P (2726)-Caruana,F (2828) Saint Louis 2019}) ({RR} 10. Rc1 f6 11. Ne4 a4 12. Nc5 Bxc5 13. Rxc5 Qd6 14. Qc1 Rf7 15. a3 Nde7 16. Be3 Nf5 17. Rb5 Na5 18. Qc3 Qa6 19. Rc5 Nb3 20. Rxc7 Rxc7 21. Qxc7 Rc8 22. Qb6 Nbd4 23. Bxd4 Nxd4 24. Qb4 Nxe2+ {Artemiev,V (2701)-Aronian,L (2745) chess.com INT 2023 0-1 (56)}) 10... Nb6 $146 ({RR} 10... f6 11. Rc1 Qd7 12. Nc5 Bxc5 13. Rxc5 Rfd8 14. Qa4 Ncb4 15. Qxd7 Rxd7 16. a3 b6 17. Rcc1 Na6 18. d4 e4 19. Ne1 f5 20. Nc2 Nf6 21. Bg5 Nd5 22. Rfd1 h6 23. Bd2 Rad8 24. e3 Nb8 25. Bf1 {Jimenez Garcia,E (2395)-Chinchilla Miranda,E (2166) San Jose 2020 1-0 (53)}) 11. Be3 Bd5 12. Nc3 Be6 13. Rc1 a4 14. d4 Nd5 15. Nxd5 Bxd5 16. dxe5 Bxa2 17. Qc2 Bb3 18. Qb1 Ra5 19. Bf4 h6 20. h4 Qd7 21. h5 Rd8 22. Kh2 Qg4 23. Bh3 Qxh5 24. Kg2 Be6 25. Bxe6 fxe6 26. Rh1 Qf5 27. Qa2 Bf8 28. Qc4 Qf7 29. Qe4 Qf5 30. Qc4 Qf7 31. Ra1 Nb4 32. Bd2 c5 33. Qe4 Raa8 34. g4 b5 35. Ng5 1-0

[Event "MrDodgy Inv 3 Finals"]
[Site "chess24.com INT"]
[Date "2022.11.29"]
[Round "2.5"]
[White "Grischuk, A."]
[Black "Pichot, A."]
[Result "1-0"]
[WhiteElo "2745"]
[BlackElo "2637"]
[PlyCount "67"]
[EventDate "2022.11.27"]
[EventType "k.o."]

1. Nf3 Nf6 2. g3 d5 3. Bg2 e6 4. O-O c5 5. c4 d4 6. e3 Nc6 7. exd4 cxd4 8. d3 h6 9. Re1 Bd6 10. Na3 O-O 11. Nc2 e5 12. b4 a6 13. b5 axb5 14. cxb5 Nb4 15. Nxb4 ({RR} 15. Nxe5 Rxa2 16. Rxa2 Nxa2 17. Ba3 Nc3 18. Qa1 Nxb5 19. Bxd6 Qxd6 20. Nc4 Qd8 21. Qa4 Nc3 22. Qb4 Re8 23. Ne5 Qc7 24. Qxd4 Nb5 25. Qb2 Nd6 26. d4 Be6 27. Ne3 b5 28. Rc1 Qa7 29. Qb4 Nc4 {Grischuk,A (2745)-Pichot,A (2637) chess24.com INT 2022 0-1 (93)}) 15... Bxb4 16. Bd2 Qa5 $146 ({RR} 16... Bc3 17. Bxc3 dxc3 18. Qb3 Qxd3 19. Nxe5 Qd2 20. Nc4 Qd4 21. Rad1 Qg4 22. Nb6 Be6 23. Qxc3 Rxa2 24. Nd5 Nxd5 25. Bxd5 Bxd5 26. Rxd5 Re2 27. Rxe2 Qxe2 28. Kg2 Re8 29. Qf3 Qc4 30. h4 b6 31. h5 {Rozum,I (2466)-Iniyan,P (2513) Singapore SIN 2024 ½-½ (39)}) 17. Rxe5 Bc3 18. Rc1 Bxd2 19. Qxd2 Qxd2 20. Nxd2 Rxa2 21. Ne4 Nxe4 22. Bxe4 b6 23. Kg2 Be6 24. Bd5 Bxd5+ 25. Rxd5 Re8 26. Rc6 Ree2 27. Rf5 Rad2 28. Rc8+ Kh7 29. Rxf7 Re6 30. h4 Rxd3 31. h5 Re5 32. g4 Rc5 33. Rd8 Rg5 34. f3 1-0

[Event "MrDodgy Inv 3 Finals"]
[Site "chess24.com INT"]
[Date "2022.11.29"]
[Round "2.9"]
[White "Grischuk, A."]
[Black "Pichot, A."]
[Result "1-0"]
[WhiteElo "2745"]
[BlackElo "2637"]
[PlyCount "91"]
[EventDate "2022.11.27"]
[EventType "k.o."]

1. Nf3 Nf6 2. g3 d5 3. Bg2 e6 4. O-O c5 5. c4 d4 6. e3 Nc6 7. exd4 cxd4 8. d3 h6 9. Re1 Nd7 10. Na3 Bc5 11. Nc2 O-O 12. a3 a5 13. b3 e5 14. Bd2 Re8 15. b4 Bf8 $146 ({RR} 15... Bd6 16. Rb1 Ra7 17. Re2 Nf6 18. c5 Bf8 19. b5 Nb8 20. c6 bxc6 21. b6 Ra6 22. Nxe5 Rxb6 23. Rxb6 Qxb6 24. Nc4 Qb3 25. Rxe8 Nxe8 26. Bxa5 Be6 27. Bf3 Bxc4 28. dxc4 d3 29. Ne1 Qxa3 30. Bd8 {Ding,L (2799)-Anton Guijarro,D (2694) chess24.com INT 2022 ½-½ (45)}) ({RR} 15... Bd6 16. c5 Bf8 17. Rc1 axb4 18. axb4 Rb8 19. Na3 b5 20. Nxb5 Ba6 21. Nd6 Bxd6 22. cxd6 Nxb4 23. Qa4 Nxd3 24. Qxa6 Nxe1 25. Rxe1 Rb6 26. Qa3 Qf6 27. Nxd4 Rxd6 28. Nf3 Nb6 29. Bb4 Rde6 30. Nd2 {Ding Liren (2762)-Praggnanandhaa,R (2747) Stavanger NOR 2024 1-0 (54)}) 16. c5 Nf6 17. b5 Na7 18. a4 Bg4 19. h3 Bxf3 20. Qxf3 Rb8 21. Na3 Bxc5 22. Nc4 b6 23. Rxe5 Rxe5 24. Nxe5 Qf8 25. Bxh6 Re8 26. Qxf6 gxf6 27. Bxf8 Rxe5 28. f4 Kxf8 29. fxe5 fxe5 30. Re1 f6 31. Be4 Nc8 32. Kg2 Nd6 33. g4 Kg7 34. Kf3 Bb4 35. Rc1 Bc3 36. h4 Kh6 37. g5+ fxg5 38. hxg5+ Kxg5 39. Rg1+ Kf6 40. Rg6+ Ke7 41. Bd5 Bd2 42. Re6+ Kd7 43. Rxe5 Bc3 44. Rh5 Ke7 45. Kf4 Bd2+ 46. Ke5 1-0

[Event "MrDodgy Inv 3 Finals"]
[Site "chess24.com INT"]
[Date "2022.11.29"]
[Round "2.11"]
[White "Grischuk, A."]
[Black "Pichot, A."]
[Result "1-0"]
[WhiteElo "2745"]
[BlackElo "2637"]
[PlyCount "185"]
[EventDate "2022.11.27"]
[EventType "k.o."]

1. Nf3 d5 2. g3 Nf6 3. Bg2 e6 4. O-O c5 5. c4 d4 6. e3 Nc6 7. exd4 cxd4 8. d3 h6 9. Re1 Nd7 10. Na3 Bc5 11. Nc2 O-O 12. a3 a5 13. b3 e5 14. Rb1 $146 ({RR} 14. Bd2 Re8 15. b4 Bf8 16. c5 Nf6 17. b5 Na7 18. a4 Bg4 19. h3 Bxf3 20. Qxf3 Rb8 21. Na3 Bxc5 22. Nc4 b6 23. Rxe5 Rxe5 24. Nxe5 Qf8 25. Bxh6 Re8 26. Qxf6 gxf6 27. Bxf8 Rxe5 28. f4 Kxf8 {Grischuk,A (2745)-Pichot,A (2637) chess24.com INT 2022 1-0 (46)}) 14... Re8 15. b4 axb4 16. axb4 Bd6 17. c5 Bf8 18. Na3 Nf6 19. b5 Nb8 20. Nxe5 Bxc5 21. Nac4 Nbd7 22. Nxd7 Rxe1+ 23. Qxe1 Qxd7 24. Bf4 Qf5 25. Bd6 Bxd6 26. Nxd6 Qxd3 27. Rd1 Qb3 28. Rxd4 Qb2 29. Rd1 Bg4 30. Rb1 Qd4 31. Nxb7 Re8 32. Qc1 Re2 33. Qc5 Qd3 34. Rf1 Rb2 35. Qe3 Qxe3 36. fxe3 Rxb5 37. Nd6 Re5 38. Re1 Be6 39. h3 Kf8 40. Kf2 Ke7 41. Rd1 Ra5 42. Rd4 Ra2+ 43. Kg1 Re2 44. Ne4 Rxe3 45. Nxf6 Kxf6 46. Kf2 Ra3 47. Rf4+ Ke5 48. h4 Ra2+ 49. Kg1 Ra3 50. Kf2 f5 51. Rb4 Rc3 52. Rb5+ Kf6 53. Rb6 Rc5 54. Ra6 Rc2+ 55. Kg1 Ke5 56. Ra5+ Kd4 57. Ra6 Rc1+ 58. Kf2 Ke5 59. Ra5+ Kf6 60. Ra6 Rc5 61. Kg1 g5 62. hxg5+ hxg5 63. Rb6 Ke5 64. Kf2 Rc2+ 65. Kg1 Bc4 66. Rb8 Rc1+ 67. Kf2 Rc2+ 68. Kg1 Rc3 69. Re8+ Kf6 70. Kf2 Be6 71. Rf8+ Ke5 72. Rb8 Rc2+ 73. Kg1 f4 74. Kf1 fxg3 75. Rb4 Bc4+ 76. Ke1 Rxg2 77. Rxc4 Rf2 78. Rg4 Rf3 79. Ke2 Ra3 80. Rxg5+ Kf4 81. Rg8 Ra2+ 82. Kf1 Ra7 83. Kg2 Ra2+ 84. Kg1 Ra1+ 85. Kg2 Ra5 86. Rf8+ Rf5 87. Rg8 Re5 88. Rf8+ Ke4 89. Rg8 Rg5 90. Rxg5 Kf4 91. Rxg3 Kf5 92. Rf3+ Ke5 93. Rg3 1-0